000 00328nam a2200133 a 4500
005 20140414131918.0
008 101021s19uu xx 00 eng d
050 _aER
_bOn2 1997
100 _aClark, Lesley
245 _a1 2 3.
260 _aLeicestershire, U.K. :
_bLadybird,
_c1997.
440 _aFirst steps
999 _c111626
_d111626